LEADER 01322nas a2200301 i 4500 001 000000178387 003 CaOOAMICUS 005 20100720000000.0 008 090316b2009 gw uu u0 0ger r 013 $a155959 040 $aSeMil$bita 245 10$a[2009] /$cSchriftleitung Thomas Bremer. 260 $aMünster :$bAschendorff,$ccopyr. 2009. 300 $aXIV, 528, XVI col. ;$c30 cm. 700 1 $aBremer, Thomas,$d<1957- >.$0(OLS)http://semarc/name/65573 774 0 $tEvolution und Schöpfung, unüberwindbare Gegensätze. - Titolo principale dalla prima pagina.$w()270663 774 0 $tListe der Habilitationen und Dissertationen im akademischen Jahr 2007-2008. - Titolo dalla prima pagina.$w()270664 774 0 $tJahresverzeichnis 2009 [105. Jahrgang].$w()270665 774 0 $tPaulus und die Tradition.$w()270849 774 0 $tCalvin im Spiegel seiner Interpreten.$w()271311 774 0 $tFreiheit wagen.$w()271665 774 0 $tPapst Pius 12. und die Juden.$w()271899 774 0 $tAbstieg ins Tal von Elah.$w()272233 850 $aSeMil 852 $aSeMil$W1$xVenegono$y1$m201 6 26$j224281$B129164$CSeMilBibl$Z2$F153423 $85 961 $aAbbonamento: Aschendorff 996 $6245$a[2009]$9(OLS)http://semarc/title/256210 996 $6260$aMünster :$bAschendorff$9(OLS)http://semarc/publisher/29674 LEADER 01127nam a2200277 i 4500 001 000000125862 003 CaOOAMICUS 005 20190411153337.0 008 040429s1945 it u000 u ita u 013 $a98563 040 $aSeMil$bita 100 1 $aSforza, Carlo.$0(OLS)http://semarc/name/40533 240 02$aL'Italia dal 1914 al 1944.$0(OLS)http://semarc/title/185397 245 12$aL'Italia dal 1914 al 1944. Quale io la vidi /$cCarlo Sforza. 250 $a2. ed. 260 $aRoma :$bMondadori,$c1945. 300 $a242 p. ;$c21 cm. 500 $aContiene : Indice dei nomi. 650 4$aItalia - 1915-1945.$0(OLS)http://semarc/subject/29970 650 4$aGuerra mondiale <1939-1945> - Italia.$0(OLS)http://semarc/subject/6799 650 4$aGuerra mondiale <1914-1918> - Italia.$0(OLS)http://semarc/subject/4096 850 $aSeMil 852 $aSeMil$W1$xVenegono$y1$m3U V 491$j212817$B225816$CSeMilBibl$Z2$F225816 $81 996 $6245$aL'Italia dal 1914 al 1944. Quale io la vidi$9(OLS)http://semarc/title/185398 996 $6260$aRoma :$bMondadori$9(OLS)http://semarc/publisher/46434